World Map Without 10 Random Countries - Statistics

General Stats
  • This quiz has been taken 792 times
  • The average score is 7 of 10
Answers on the Map
Answers color-coded by a green-red scale on the quiz's map according to % correct below.
 
Answer Stats
Country % Correct
Algeria
100%
Argentina
100%
Czech Republic
100%
Finland
100%
Kyrgyzstan
100%
Poland
100%
Romania
100%
United States
100%
Chad
96%
Mexico
96%
Belarus
95%
Angola
94%
France
94%
Nepal
94%
Russia
94%
Saudi Arabia
94%
Sweden
94%
Austria
93%
Iran
93%
Hungary
92%
Kazakhstan
92%
Mali
92%
Slovakia
92%
Nigeria
91%
Canada
89%
China
89%
Egypt
89%
Mongolia
89%
Pakistan
89%
Turkmenistan
89%
United Kingdom
89%
DR Congo
88%
Germany
88%
Peru
88%
Spain
88%
Sudan
88%
Ukraine
88%
Panama
87%
Portugal
87%
Burkina Faso
86%
Guinea-Bissau
86%
India
86%
Indonesia
86%
Togo
86%
Bulgaria
85%
Serbia
85%
Switzerland
85%
Bolivia
84%
Oman
84%
Suriname
84%
Brazil
83%
Lithuania
83%
South Africa
83%
Colombia
82%
Greece
82%
Paraguay
82%
Senegal
82%
Botswana
81%
Australia
79%
Guyana
79%
Jordan
79%
Niger
79%
Denmark
78%
Turkey
78%
Uruguay
78%
Belgium
77%
Uganda
77%
Uzbekistan
77%
Gabon
76%
New Zealand
76%
South Sudan
76%
Cameroon
75%
Costa Rica
75%
Guinea
75%
Laos
75%
Dominican Republic
74%
Mauritania
74%
Latvia
73%
Lesotho
73%
Mozambique
73%
Afghanistan
72%
Kenya
72%
Bosnia and Herzegovina
71%
Croatia
71%
Ethiopia
71%
Italy
71%
Slovenia
71%
South Korea
71%
Thailand
71%
Ecuador
69%
Libya
69%
Malawi
69%
North Korea
69%
Yemen
69%
Iraq
68%
Norway
68%
Republic of the Congo
68%
Kosovo
67%
Morocco
67%
Myanmar
67%
Papua New Guinea
67%
Tanzania
67%
Ghana
64%
Venezuela
64%
Azerbaijan
63%
Ivory Coast
63%
Moldova
63%
Benin
62%
Guatemala
62%
Namibia
62%
Nicaragua
62%
Vietnam
61%
Ireland
60%
Estonia
59%
FS Micronesia
59%
Israel
59%
Eswatini
58%
Central African Republic
57%
Armenia
56%
Equatorial Guinea
56%
Georgia
56%
Rwanda
56%
Japan
55%
Zimbabwe
54%
Zambia
53%
Honduras
52%
Burundi
50%
Cambodia
50%
Chile
50%
Cuba
50%
Nauru
50%
Syria
50%
Tuvalu
50%
Taiwan
48%
Bangladesh
47%
North Macedonia
47%
Sri Lanka
47%
Tunisia
47%
Sierra Leone
46%
Bahamas
45%
Iceland
45%
Mauritius
45%
Haiti
44%
Liberia
43%
Madagascar
43%
Philippines
43%
Sao Tome and Principe
42%
Solomon Islands
41%
Fiji
40%
Maldives
40%
Cape Verde
38%
Malaysia
38%
Malta
38%
Netherlands
38%
Seychelles
35%
Comoros
33%
Kiribati
33%
Somalia
33%
Tajikistan
33%
United Arab Emirates
32%
Albania
31%
Palau
31%
Samoa
31%
Eritrea
29%
Tonga
29%
Kuwait
25%
Marshall Islands
22%
El Salvador
21%
Jamaica
14%
Vanuatu
14%
Belize
13%
No matching quizzes found
Score Distribution
Percent of People with Each Score
Percentile by Number Answered
Your Score History
You have not taken this quiz